Predikcia výroby elektriny z obnoviteľných zdrojov so zohľadnením externých faktorov
Na minha lista:
| Autor principal: | |
|---|---|
| Outros Autores: | |
| Formato: | Manuscrito Livro |
| Idioma: | eslovaco |
| Publicado em: |
2016
|
| Assuntos: | |
| Acesso em linha: | http://is.stuba.sk/zp/portal_zp.pl?podrobnosti=106559 |
| Tags: |
Sem tags, seja o primeiro a adicionar uma tag!
|
MARC
| LEADER | 00000ntm a22000003a 4500 | ||
|---|---|---|---|
| 001 | stuzp59168 | ||
| 003 | SK-STU | ||
| 005 | 20160719155801.7 | ||
| 007 | ta | ||
| 008 | 150427s2015----xo-----f-mn---000-0-slo-d | ||
| 040 | |a STU |b slo | ||
| 041 | 0 | |a slo | |
| 100 | 1 | |a Moravčík, Oliver |u 070200 |4 aut |U FIIT Fakulta informatiky a informačných technológií |T FIIT Ústav informatiky, informačných systémov a softvérového inžinierstva |X 72257 |U I200 |Y 179 |7 72257 | |
| 242 | 0 | 1 | |a Forecasting electricity production from renewable resources with external factors taken into account |y eng |
| 245 | 1 | 0 | |a Predikcia výroby elektriny z obnoviteľných zdrojov so zohľadnením externých faktorov |
| 260 | |c 2016 | ||
| 650 | 4 | |a fotovoltaická elektráreň |2 slo | |
| 650 | 4 | |a náhodný les |2 slo | |
| 650 | 4 | |a výroba elektriny |2 slo | |
| 650 | 4 | |a predikcia |2 slo | |
| 650 | 4 | |a photovoltaic power plant |2 eng | |
| 650 | 4 | |a forecasting |2 eng | |
| 650 | 4 | |a electricity production |2 eng | |
| 650 | 4 | |a random forest |2 eng | |
| 700 | 1 | |a Rozinajová, Viera |u 070200 |k Z1 |4 ths |U FIIT Fakulta informatiky a informačných technológií |T FIIT Ústav informatiky, informačných systémov a softvérového inžinierstva |X 110 |U I200 |Y 179 |7 110 | |
| 856 | 4 | |u http://is.stuba.sk/zp/portal_zp.pl?podrobnosti=106559 | |
| 996 | |b 8153 |c I* BAP 134/2016 |l II680 |s P |a 0 |w stuzp59168_0001 | ||
| SQL | |a stuzp59168 |b DBP |c SLO |d Predikcia výroby elektriny z obnoviteľných zdrojov so zohľadnením externých faktorov |e 72257 |f Moravčík, Oliver |g 070200 |h 110 |i Rozinajová, Viera |j 20160621 |k 202 |l 07 |m http://is.stuba.sk/zp/portal_zp.pl?podrobnosti=106559 |n B-INFO |o 9.2.1. informatika | ||